000 00400nam a22001697a 4500
003 MPLRDC
005 20220104123747.0
008 210129b ||||| |||| 00| 0 eng d
082 _a414.8 ZGL v.2
100 _a张公让编著
245 _a公让选方. 第二集
_c
250 _a初版
260 _a
_b张公让诊所
_c1956
300 _b
650 _a医话
942 _cBK
_o414.8 ZGL v.2
999 _c13982
_d13972